000 00492nam a22001691a 4500
020 _a9788190270403
082 _aS 294.5
_bDHA/N
100 _aDharmesh Kumar Chitowdhi
100 _aNaveen Chitowdhi
100 _aGurjeet Singh Sandhu
245 _aNitya pooja: Akhir khyom, kaise aur khya/
_cby Dharmesh Kumar Chitowdhi, Naveen Chitowdhi and Gurjeet Singh Sandhu
260 _aDelhi:
_bRatna Kripa,
_c2005.
300 _a222p.
650 _aHinduism
650 _aReligion
942 _cBK
999 _c31615
_d31615